00830nam a2200265 4500003000400000005001700004008004100021020001600062040001800078041000800096050001700104100002800121245011600149264003500265300003300300336002200333337002400355338002400379500002400403650004200427650002200469650004200491942001400533999001700547OSt20260601193838.0260508b1999 cn ||||| |||| 00| 0 eng d a 0471292591 aICIbSPAcICI aENG aNK2113.bM57 1aMitton, Maureen,eautor 1a Interior design visual presentation : ba guide to graphics, models & presentation techniques cMaureen Mitton a New York : bJ. Wiley, c1999 a178 páginasbilustraciones atexto2rdacontent asin medio2rdamedia avolumen2rdacarrier aLibro de Referencia a Decoración de interioresxDiseño a Artes gráficas aDecoracion de interiores, Servicio de 2lcccBn1 c21339d21339